000 00920cam a2200289 4500
008 000000n2002 000 0 eng u
020 _a1860815677
035 _a(Sirsi) u119806
041 _aeng
050 _a658.567
100 _aAnderson, M.
110 _aBuilding Research Establishment
245 _aConstruction site packaging wastes: a market position report
260 _aLondon
_bCRC Ltd
_c2002
300 _a8p.
_bill.
_c30cm.
490 _aBRE Information Paper
_v8/02
520 _aRepresents the initial results of the first study in the UK to show what packaging materials are available for recovery, reuse and recylcing within the construction industry.
650 _aPACKAGING
650 _aCONSTRUCTION SITES
650 _aRECYCLING
650 _aWASTE
650 _aWASTE DISPOSAL
690 _aBUILT ENVIRONMENT
700 _aConroy, A.
700 _aTsiokou, C.
942 _n0
999 _c102406
_d102406